000 00921cam a22002174a 4500
005 20250605164157.0
008 250528s ||||||||||||||||||||||||d
035 _a19639
020 _a9602101369
040 _aGR-AtMCL
_bgre
_dGR-AtMCL
_eAACR2
245 1 _aΓΝΩΣΤΙΚΕΣ ΠΡΟΣΩΠΟΓΡΑΦΙΕΣ
250 _a1
260 _bΟδυσσέας,
_c1992
300 _a155
505 0 _aΟ ΑΝΘΡΩΠΟΣ ΤΟΥ ΣΥΣΤΗΜΑΤΟΣ Ο ΑΝΘΡΩΠΟΣ ΤΗΣ ΣΥΝΑΛΛΑΓΗΣ Ο ΑΝΘΡΩΠΟΣ ΤΗΣ ΕΠΙΚΟΙΝΩΝΙΑΣ Ο ΑΝΘΡΩΠΟΣ ΤΗΣ ΣΥΓΚΡΟΥΣΗΣ
520 _aΟ ΑΝΘΡΩΠΟΣ ΤΟΥ ΣΥΣΤΗΜΑΤΟΣ Ο ΑΝΘΡΩΠΟΣ ΤΗΣ ΣΥΝΑΛΛΑΓΗΣ Ο ΑΝΘΡΩΠΟΣ ΤΗΣ ΕΠΙΚΟΙΝΩΝΙΑΣ Ο ΑΝΘΡΩΠΟΣ ΤΗΣ ΣΥΓΚΡΟΥΣΗΣ
700 1 _aΤατσης Νικολαος Χ
_95845
942 _cBK
999 _c4895
_d4895